Sprache der öffentlichen politischen Kommunikation
Analýza a lingvistický opis rôznych možností politického jazyka, rétorickej komunikácie a jej vplyvu na verejnosť. Problém politicky korektného jazyka. Kľúčové slová s vysokým sociálnym potenciálom (ich výskyt v médiách).
Na minha lista:
| Autor principal: | |
|---|---|
| Formato: | Capítulo de Livro |
| Idioma: | alemão |
| Assuntos: | |
| Tags: |
Sem tags, seja o primeiro a adicionar uma tag!
|
MARC
| LEADER | 00000naa$a2200000$$$4500 | ||
|---|---|---|---|
| 001 | 0258976 | ||
| 005 | 20240502074110.2 | ||
| 041 | 0 | |a ger | |
| 044 | |a SK | ||
| 245 | 1 | 0 | |a Sprache der öffentlichen politischen Kommunikation |c Silvia Adamcová |
| 520 | |a Analýza a lingvistický opis rôznych možností politického jazyka, rétorickej komunikácie a jej vplyvu na verejnosť. Problém politicky korektného jazyka. Kľúčové slová s vysokým sociálnym potenciálom (ich výskyt v médiách). | ||
| 610 | 2 | 0 | |a politika |
| 610 | 2 | 0 | |a komunikácia |
| 610 | 2 | 0 | |a médiá |
| 610 | 2 | 0 | |a diplomacia |
| 100 | 1 | |a Adamcová, Silvia, 1984- | |